[Event "Russian Rapid Team Championship (w)"]
[Site "Sochi"]
[Date "2022.10.19"]
[Round "8.9"]
[White "Voit, Daria"]
[Black "Styazhkina, Anna"]
[Result "1-0"]
[BlackElo "2071"]
[WhiteElo "2297"]
[LiveChessVersion "1.4.8"]

1. d4 {[%clk 0:15:17]} d5 {[%clk 0:15:17]} 2. c4 {[%clk 0:15:26]} c6
{[%clk 0:15:24]} 3. Nf3 {[%clk 0:15:34]} Nf6 {[%clk 0:15:30]} 4. e3
{[%clk 0:15:43]} Bf5 {[%clk 0:15:34]} 5. Nc3 {[%clk 0:15:50]} e6 {[%clk 0:15:41]}
6. Nh4 {[%clk 0:15:58]} Bg6 {[%clk 0:15:49]} 7. Be2 {[%clk 0:15:53]} Bd6
{[%clk 0:15:55]} 8. g3 {[%clk 0:15:58]} Nbd7 {[%clk 0:15:51]} 9. O-O
{[%clk 0:15:52]} Bc7 {[%clk 0:15:55]} 10. Qb3 {[%clk 0:15:34]} Rb8
{[%clk 0:14:16]} 11. Nxg6 {[%clk 0:13:50]} hxg6 {[%clk 0:14:24]} 12. Rd1
{[%clk 0:13:58]} Qe7 {[%clk 0:10:42]} 13. Bd2 {[%clk 0:13:09]} Nb6
{[%clk 0:09:05]} 14. c5 {[%clk 0:12:40]} Nbd7 {[%clk 0:09:13]} 15. Qa4
{[%clk 0:12:21]} a6 {[%clk 0:08:37]} 16. f4 {[%clk 0:12:27]} g5 {[%clk 0:07:49]}
17. b4 {[%clk 0:12:15]} Ne4 {[%clk 0:06:05]} 18. Nxe4 {[%clk 0:12:20]} dxe4
{[%clk 0:06:14]} 19. Qc2 {[%clk 0:12:26]} f5 {[%clk 0:06:21]} 20. a4
{[%clk 0:12:14]} Qf6 {[%clk 0:06:10]} 21. Bc3 {[%clk 0:11:07]} Qg6
{[%clk 0:05:51]} 22. Qd2 {[%clk 0:10:52]} Nf6 {[%clk 0:05:36]} 23. Rf1
{[%clk 0:10:53]} Qh6 {[%clk 0:03:52]} 24. Rf2 {[%clk 0:10:28]} gxf4
{[%clk 0:02:54]} 25. exf4 {[%clk 0:10:14]} Nd5 {[%clk 0:02:54]} 26. Rg2
{[%clk 0:07:32]} Bd8 {[%clk 0:00:20]} 27. Bc4 {[%clk 0:07:17]} g5
{[%clk 0:00:26]} 28. Bxd5 {[%clk 0:07:25]} exd5 {[%clk 0:00:35]} 29. Rf1
{[%clk 0:06:58]} g4 {[%clk 0:00:32]} 30. b5 {[%clk 0:07:01]} axb5
{[%clk 0:00:40]} 31. axb5 {[%clk 0:07:10]} Bf6 {[%clk 0:00:38]} 32. Ra1
{[%clk 0:07:12]} O-O {[%clk 0:00:34]} 33. Ra7 {[%clk 0:06:58]} Rfe8
{[%clk 0:00:13]} 34. Qe3 {[%clk 0:06:59]} Qf8 {[%clk 0:00:14]} 35. Rb2
{[%clk 0:06:45]} Re7 {[%clk 0:00:17]} 36. Rba2 {[%clk 0:04:44]} Kg7
{[%clk 0:00:21]} 37. Be1 {[%clk 0:04:48]} Kg6 {[%clk 0:00:27]} 38. Bf2
{[%clk 0:04:56]} Rh7 {[%clk 0:00:25]} 39. Qb3 {[%clk 0:04:50]} Qe8
{[%clk 0:00:15]} 40. Be3 {[%clk 0:04:57]} cxb5 {[%clk 0:00:19]} 41. R7a5
{[%clk 0:04:59]} Qh8 {[%clk 0:00:20]} 42. Qb4 {[%clk 0:05:03]} b6
{[%clk 0:00:22]} 43. Rxb5 {[%clk 0:02:22]} bxc5 {[%clk 0:00:29]} 44. Qxc5
{[%clk 0:02:31]} Rxb5 {[%clk 0:00:36]} 45. Qxb5 {[%clk 0:02:39]} Bxd4
{[%clk 0:00:28]} 46. Bxd4 {[%clk 0:02:47]} Qxd4+ {[%clk 0:00:37]} 47. Kg2
{[%clk 0:02:56]} Qh8 {[%clk 0:00:15]} 48. Qc6+ {[%clk 0:02:01]} Kh5
{[%clk 0:00:13]} 49. Qxd5 {[%clk 0:00:29]} Qc8 {[%clk 0:00:16]} 50. Qd6
{[%clk 0:00:19]} Rc7 {[%clk 0:00:14]} 51. Qd2 {[%clk 0:00:14]} Rc5
{[%clk 0:00:17]} 52. h3 {[%clk 0:00:21]} gxh3+ {[%clk 0:00:18]} 53. Kxh3
{[%clk 0:00:30]} Qe6 {[%clk 0:00:12]} 54. Qd8 {[%clk 0:00:24]} Qg6
{[%clk 0:00:12]} 55. Qh4# {[%clk 0:00:32]} 1-0

[Event "Russian Rapid Team Championship (w)"]
[Site "Sochi"]
[Date "2022.10.19"]
[Round "8.10"]
[White "Karmanova, Olga Dm."]
[Black "Kovalevskaya, Ekaterina"]
[Result "1-0"]
[BlackElo "2257"]
[WhiteElo "2096"]
[LiveChessVersion "1.4.8"]

1. d4 {[%clk 0:15:18]} Nf6 {[%clk 0:15:19]} 2. c4 {[%clk 0:15:27]} d6
{[%clk 0:15:28]} 3. Nc3 {[%clk 0:15:30]} e5 {[%clk 0:15:36]} 4. d5
{[%clk 0:15:06]} Be7 {[%clk 0:15:28]} 5. g3 {[%clk 0:15:14]} O-O {[%clk 0:15:33]}
6. Bg2 {[%clk 0:15:23]} Ne8 {[%clk 0:15:33]} 7. e3 {[%clk 0:15:19]} f5
{[%clk 0:15:38]} 8. Nge2 {[%clk 0:15:27]} Nd7 {[%clk 0:15:12]} 9. Qc2
{[%clk 0:15:31]} a5 {[%clk 0:15:03]} 10. O-O {[%clk 0:14:49]} Nc5
{[%clk 0:14:47]} 11. f4 {[%clk 0:14:49]} e4 {[%clk 0:12:43]} 12. Nb5
{[%clk 0:13:49]} c6 {[%clk 0:07:15]} 13. dxc6 {[%clk 0:09:46]} bxc6
{[%clk 0:07:24]} 14. Nbd4 {[%clk 0:09:55]} Qb6 {[%clk 0:07:32]} 15. Bd2
{[%clk 0:09:33]} Nc7 {[%clk 0:05:16]} 16. Rab1 {[%clk 0:08:13]} N7a6
{[%clk 0:03:41]} 17. Qd1 {[%clk 0:04:28]} Nb4 {[%clk 0:02:56]} 18. a3
{[%clk 0:04:27]} Nbd3 {[%clk 0:03:04]} 19. b4 {[%clk 0:04:23]} axb4
{[%clk 0:03:12]} 20. axb4 {[%clk 0:04:30]} Na4 {[%clk 0:02:24]} 21. Qb3
{[%clk 0:02:37]} c5 {[%clk 0:01:44]} 22. Nb5 {[%clk 0:02:46]} Be6
{[%clk 0:01:32]} 23. bxc5 {[%clk 0:02:35]} Naxc5 {[%clk 0:01:36]} 24. Qc2
{[%clk 0:02:38]} Qd8 {[%clk 0:01:27]} 25. Ned4 {[%clk 0:02:38]} Bd7
{[%clk 0:01:35]} 26. Ra1 {[%clk 0:02:36]} Rxa1 {[%clk 0:00:46]} 27. Rxa1
{[%clk 0:02:45]} Bxb5 {[%clk 0:00:44]} 28. cxb5 {[%clk 0:02:43]} Bf6
{[%clk 0:00:49]} 29. Ra7 {[%clk 0:02:10]} Qb6 {[%clk 0:00:41]} 30. Qa2+
{[%clk 0:02:13]} Kh8 {[%clk 0:00:47]} 31. Rf7 {[%clk 0:01:59]} Rg8
{[%clk 0:00:31]} 32. Ba5 {[%clk 0:01:45]} Qb8 {[%clk 0:00:33]} 33. Bc7
{[%clk 0:01:16]} Qe8 {[%clk 0:00:32]} 34. Nxf5 {[%clk 0:00:58]} Nb4
{[%clk 0:00:40]} 35. Qc4 {[%clk 0:01:07]} d5 {[%clk 0:00:49]} 36. Qxb4
{[%clk 0:01:09]} Nd3 {[%clk 0:00:28]} 37. Nd6 {[%clk 0:01:00]} Nxb4
{[%clk 0:00:37]} 38. Nxe8 {[%clk 0:01:09]} Rxe8 {[%clk 0:00:46]} 39. b6
{[%clk 0:01:10]} d4 {[%clk 0:00:16]} 40. b7 {[%clk 0:01:19]} Nc6 {[%clk 0:00:17]}
41. Bxe4 {[%clk 0:01:00]} dxe3 {[%clk 0:00:23]} 42. Bxc6 {[%clk 0:01:00]} e2
{[%clk 0:00:32]} 43. Ba5 {[%clk 0:00:50]} Rb8 {[%clk 0:00:15]} 44. Kf2
{[%clk 0:00:49]} Kg8 {[%clk 0:00:24]} 45. Rc7 {[%clk 0:00:54]} Bd8
{[%clk 0:00:28]} 46. Rc8 {[%clk 0:01:00]} 1-0

[Event "Russian Rapid Team Championship (w)"]
[Site "Sochi"]
[Date "2022.10.19"]
[Round "8.11"]
[White "Bivol, Alina"]
[Black "Nazarova, Anastasia"]
[Result "1-0"]
[BlackElo "2089"]
[WhiteElo "2264"]
[LiveChessVersion "1.4.8"]

1. e4 {[%clk 0:15:11]} c5 {[%clk 0:15:19]} 2. Nf3 {[%clk 0:15:03]} Nc6
{[%clk 0:15:28]} 3. Bb5 {[%clk 0:15:11]} g6 {[%clk 0:15:36]} 4. O-O
{[%clk 0:15:06]} Bg7 {[%clk 0:15:45]} 5. Re1 {[%clk 0:15:10]} e5 {[%clk 0:14:43]}
6. c3 {[%clk 0:14:55]} Nge7 {[%clk 0:14:42]} 7. d4 {[%clk 0:13:33]} cxd4
{[%clk 0:14:42]} 8. cxd4 {[%clk 0:13:35]} Nxd4 {[%clk 0:14:14]} 9. Nxd4
{[%clk 0:13:34]} exd4 {[%clk 0:14:22]} 10. e5 {[%clk 0:12:57]} Nc6
{[%clk 0:14:22]} 11. Bf4 {[%clk 0:13:06]} O-O {[%clk 0:14:16]} 12. Nd2
{[%clk 0:12:36]} f6 {[%clk 0:07:02]} 13. Bc4+ {[%clk 0:11:42]} Kh8
{[%clk 0:07:08]} 14. exf6 {[%clk 0:11:50]} Qxf6 {[%clk 0:06:34]} 15. Bg3
{[%clk 0:11:59]} Qd8 {[%clk 0:05:11]} 16. Bd6 {[%clk 0:11:24]} Rf5
{[%clk 0:04:24]} 17. g4 {[%clk 0:09:57]} Re5 {[%clk 0:01:59]} 18. Bxe5
{[%clk 0:09:35]} Nxe5 {[%clk 0:02:08]} 19. Bd5 {[%clk 0:08:19]} d6
{[%clk 0:02:14]} 20. h3 {[%clk 0:08:19]} Bd7 {[%clk 0:01:45]} 21. Ne4
{[%clk 0:07:56]} Bc6 {[%clk 0:01:45]} 22. Bxc6 {[%clk 0:06:55]} bxc6
{[%clk 0:01:54]} 23. f4 {[%clk 0:06:57]} Nc4 {[%clk 0:01:45]} 24. Ng5
{[%clk 0:03:05]} Qf6 {[%clk 0:01:45]} 25. Qf3 {[%clk 0:02:45]} Ne3
{[%clk 0:01:32]} 26. Rac1 {[%clk 0:00:57]} d5 {[%clk 0:01:33]} 27. Qg3
{[%clk 0:01:02]} Rf8 {[%clk 0:01:31]} 28. Nf3 {[%clk 0:01:09]} Qd6
{[%clk 0:01:10]} 29. Ne5 {[%clk 0:01:09]} Bxe5 {[%clk 0:01:14]} 30. fxe5
{[%clk 0:01:18]} Qe6 {[%clk 0:01:24]} 31. Rxe3 {[%clk 0:01:19]} dxe3
{[%clk 0:01:31]} 32. Qxe3 {[%clk 0:01:28]} Rf7 {[%clk 0:01:29]} 33. b4
{[%clk 0:01:19]} Kg7 {[%clk 0:01:22]} 34. Kg2 {[%clk 0:01:07]} Rb7
{[%clk 0:01:19]} 35. a3 {[%clk 0:01:15]} Rd7 {[%clk 0:01:18]} 36. Qd4
{[%clk 0:01:16]} Re7 {[%clk 0:01:14]} 37. Re1 {[%clk 0:01:15]} h6
{[%clk 0:01:20]} 38. Re3 {[%clk 0:01:15]} g5 {[%clk 0:01:26]} 39. Kg3
{[%clk 0:00:55]} Rf7 {[%clk 0:01:19]} 40. Rf3 {[%clk 0:00:44]} Rxf3+
{[%clk 0:01:26]} 41. Kxf3 {[%clk 0:00:53]} Kg6 {[%clk 0:01:29]} 42. Ke2
{[%clk 0:00:48]} a6 {[%clk 0:01:06]} 43. Qe3 {[%clk 0:00:39]} h5 {[%clk 0:01:02]}
44. Qd4 {[%clk 0:00:31]} hxg4 {[%clk 0:01:02]} 45. hxg4 {[%clk 0:00:40]} Qe8
{[%clk 0:00:40]} 46. Qd3+ {[%clk 0:00:46]} Kg7 {[%clk 0:00:37]} 47. Qf5
{[%clk 0:00:51]} Qg6 {[%clk 0:00:34]} 48. Qd7+ {[%clk 0:00:28]} Kh6
{[%clk 0:00:35]} 49. Qd6 {[%clk 0:00:30]} Kg7 {[%clk 0:00:42]} 50. Qe7+
{[%clk 0:00:38]} Kg8 {[%clk 0:00:45]} 51. Kd2 {[%clk 0:00:43]} Qh6
{[%clk 0:00:37]} 52. Kc3 {[%clk 0:00:20]} Qh3+ {[%clk 0:00:35]} 53. Kd4
{[%clk 0:00:28]} Qxg4+ {[%clk 0:00:44]} 54. Kc5 {[%clk 0:00:38]} d4
{[%clk 0:00:21]} 55. Qe8+ {[%clk 0:00:25]} Kg7 {[%clk 0:00:30]} 56. Qe7+
{[%clk 0:00:34]} Kg8 57. Kxc6 {[%clk 0:00:23]} d3 {[%clk 0:00:26]} 58. Qd8+
{[%clk 0:00:32]} Kf7 {[%clk 0:00:24]} 59. Qxd3 {[%clk 0:00:20]} Qc8+
{[%clk 0:00:33]} 60. Kb6 {[%clk 0:00:28]} Qb8+ {[%clk 0:00:34]} 61. Kxa6
{[%clk 0:00:34]} Qxe5 {[%clk 0:00:43]} 62. b5 {[%clk 0:00:23]} g4
{[%clk 0:00:17]} 63. Qd7+ {[%clk 0:00:19]} Kf8 {[%clk 0:00:26]} 64. Qxg4
{[%clk 0:00:17]} Qd6+ {[%clk 0:00:36]} 65. Kb7 {[%clk 0:00:14]} Qxa3
{[%clk 0:00:45]} 66. Qf5+ {[%clk 0:00:20]} Ke7 {[%clk 0:00:52]} 67. Qe5+
{[%clk 0:00:28]} Kd7 {[%clk 0:00:49]} 68. Qd5+ {[%clk 0:00:34]} Ke7
{[%clk 0:00:58]} 69. b6 {[%clk 0:00:39]} Qa4 {[%clk 0:00:47]} 70. Qe5+
{[%clk 0:00:42]} Kd7 {[%clk 0:00:49]} 71. Qc7+ {[%clk 0:00:51]} Ke8
{[%clk 0:00:41]} 72. Qc6+ {[%clk 0:00:59]} 1-0

[Event "Russian Rapid Team Championship (w)"]
[Site "Sochi"]
[Date "2022.10.19"]
[Round "8.12"]
[White "Reger, Valeriia"]
[Black "Borisova, Ekaterina"]
[Result "0-1"]
[BlackElo "2150"]
[WhiteElo "1939"]
[LiveChessVersion "1.4.8"]

1. d4 {[%clk 0:15:19]} Nf6 {[%clk 0:15:19]} 2. c4 {[%clk 0:15:28]} g6
{[%clk 0:15:23]} 3. Nc3 {[%clk 0:15:37]} d5 {[%clk 0:15:32]} 4. cxd5
{[%clk 0:15:39]} Nxd5 {[%clk 0:15:41]} 5. Bd2 {[%clk 0:15:48]} Nb6
{[%clk 0:15:42]} 6. Bf4 {[%clk 0:12:44]} Bg7 {[%clk 0:15:41]} 7. e3
{[%clk 0:12:53]} O-O {[%clk 0:15:34]} 8. h4 {[%clk 0:13:03]} h6 {[%clk 0:15:43]}
9. Qf3 {[%clk 0:09:26]} N8d7 {[%clk 0:14:59]} 10. Qg3 {[%clk 0:07:11]} c5
{[%clk 0:14:53]} 11. h5 {[%clk 0:07:00]} g5 {[%clk 0:14:53]} 12. Bc7
{[%clk 0:07:08]} Qe8 {[%clk 0:15:01]} 13. Nf3 {[%clk 0:06:03]} cxd4
{[%clk 0:14:47]} 14. Nxd4 {[%clk 0:05:56]} Nf6 {[%clk 0:14:09]} 15. Be2
{[%clk 0:04:51]} Nfd5 {[%clk 0:12:30]} 16. Nxd5 {[%clk 0:03:39]} Nxd5
{[%clk 0:12:38]} 17. O-O {[%clk 0:03:07]} e5 {[%clk 0:11:50]} 18. Nb5
{[%clk 0:03:16]} Bd7 {[%clk 0:10:43]} 19. a4 {[%clk 0:01:29]} a6 {[%clk 0:09:14]}
20. Bc4 {[%clk 0:01:37]} Bxb5 {[%clk 0:08:54]} 21. Bxd5 {[%clk 0:01:28]} Bxf1
{[%clk 0:09:02]} 22. Bxb7 {[%clk 0:00:46]} Ra7 {[%clk 0:08:54]} 23. Qf3
{[%clk 0:00:46]} Qd7 {[%clk 0:08:34]} 24. Rc1 {[%clk 0:00:55]} Be2
{[%clk 0:08:16]} 25. Qe4 {[%clk 0:00:35]} Bd3 {[%clk 0:08:16]} 26. Qb4
{[%clk 0:00:42]} e4 {[%clk 0:07:59]} 27. Qb6 {[%clk 0:00:47]} Rxb7
{[%clk 0:08:02]} 28. Qxb7 {[%clk 0:00:56]} Be5 {[%clk 0:06:02]} 29. Rc5
{[%clk 0:00:45]} Bxc7 {[%clk 0:06:02]} 30. Rxc7 {[%clk 0:00:50]} Qxa4
{[%clk 0:06:05]} 31. Rc8 {[%clk 0:00:29]} Qd1+ {[%clk 0:06:10]} 32. Kh2
{[%clk 0:00:39]} Qxh5+ {[%clk 0:06:18]} 33. Kg1 {[%clk 0:00:48]} Rxc8
{[%clk 0:06:15]} 34. Qxc8+ {[%clk 0:00:57]} Kh7 {[%clk 0:06:23]} 35. g4
{[%clk 0:00:55]} Qg6 {[%clk 0:06:31]} 36. Qd7 {[%clk 0:00:59]} Qe6
{[%clk 0:06:38]} 0-1

[Event "Russian Rapid Team Championship (w)"]
[Site "Sochi"]
[Date "2022.10.19"]
[Round "9.1"]
[White "Gvanceladze, Anna"]
[Black "Shuvalova, Polina"]
[Result "1/2-1/2"]
[BlackElo "2392"]
[WhiteElo "2093"]
[LiveChessVersion "1.4.8"]

1. d4 {[%clk 0:15:18]} Nf6 {[%clk 0:15:18]} 2. Nf3 {[%clk 0:15:26]} d5
{[%clk 0:15:23]} 3. c4 {[%clk 0:15:33]} e6 {[%clk 0:15:31]} 4. cxd5
{[%clk 0:15:39]} exd5 {[%clk 0:15:37]} 5. Nc3 {[%clk 0:15:47]} c5
{[%clk 0:15:43]} 6. Bg5 {[%clk 0:14:44]} Be6 {[%clk 0:15:50]} 7. e3
{[%clk 0:14:26]} c4 {[%clk 0:15:51]} 8. Be2 {[%clk 0:14:14]} Bb4 {[%clk 0:15:46]}
9. O-O {[%clk 0:14:18]} Nbd7 {[%clk 0:15:50]} 10. Ne5 {[%clk 0:13:32]} Bxc3
{[%clk 0:14:56]} 11. bxc3 {[%clk 0:13:39]} O-O {[%clk 0:15:03]} 12. Qc2
{[%clk 0:13:20]} h6 {[%clk 0:14:50]} 13. Bh4 {[%clk 0:13:26]} g5 {[%clk 0:13:24]}
14. Bg3 {[%clk 0:13:21]} Ne4 {[%clk 0:13:27]} 15. Nxd7 {[%clk 0:13:10]} Qxd7
{[%clk 0:13:22]} 16. f3 {[%clk 0:11:04]} Nxg3 {[%clk 0:13:27]} 17. hxg3
{[%clk 0:11:12]} Bf5 {[%clk 0:12:43]} 18. e4 {[%clk 0:09:25]} Bg6
{[%clk 0:12:51]} 19. Qd2 {[%clk 0:09:07]} dxe4 {[%clk 0:12:59]} 20. Bxc4
{[%clk 0:08:51]} Rac8 {[%clk 0:10:00]} 21. Bb3 {[%clk 0:08:59]} Rfe8
{[%clk 0:06:53]} 22. fxe4 {[%clk 0:08:58]} Rxe4 {[%clk 0:06:49]} 23. Rf6
{[%clk 0:08:58]} Kg7 {[%clk 0:06:50]} 24. Raf1 {[%clk 0:09:05]} Re7
{[%clk 0:06:11]} 25. d5 {[%clk 0:08:02]} Qg4 {[%clk 0:06:13]} 26. Qf2
{[%clk 0:07:11]} Qe2 {[%clk 0:03:40]} 27. Rxg6+ {[%clk 0:05:54]} fxg6
{[%clk 0:03:44]} 28. Qf6+ {[%clk 0:06:03]} Kh7 {[%clk 0:03:52]} 29. d6
{[%clk 0:05:53]} Rg7 {[%clk 0:03:34]} 30. Be6 {[%clk 0:04:10]} Rxc3
{[%clk 0:01:46]} 31. Qxc3 {[%clk 0:03:22]} Qxe6 {[%clk 0:01:53]} 32. Rf6
{[%clk 0:02:32]} Qxa2 {[%clk 0:01:11]} 33. Qd4 {[%clk 0:02:23]} Rd7
{[%clk 0:00:55]} 34. Kh2 {[%clk 0:02:32]} Qg8 {[%clk 0:00:35]} 35. Qxa7
{[%clk 0:02:14]} Qd5 {[%clk 0:00:17]} 36. Qb8 {[%clk 0:01:58]} g4
{[%clk 0:00:19]} 37. Qe8 {[%clk 0:00:37]} Qh5+ {[%clk 0:00:17]} 38. Kg1
{[%clk 0:00:46]} Qc5+ {[%clk 0:00:26]} 39. Kh2 {[%clk 0:00:52]} Qh5+
{[%clk 0:00:23]} 40. Kg1 {[%clk 0:01:00]} Qc5+ {[%clk 0:00:23]} 41. Kh2
{[%clk 0:00:50]} Qh5+ {[%clk 0:00:31]} 1/2-1/2

[Event "Russian Rapid Team Championship (w)"]
[Site "Sochi"]
[Date "2022.10.19"]
[Round "9.2"]
[White "Gunina, Valentina"]
[Black "Miroshnik, Ekaterina"]
[Result "1-0"]
[BlackElo "2033"]
[WhiteElo "2421"]
[LiveChessVersion "1.4.8"]

1. d4 {[%clk 0:15:17]} d5 {[%clk 0:15:12]} 2. c4 {[%clk 0:15:26]} e6
{[%clk 0:15:20]} 3. Nf3 {[%clk 0:15:34]} Nf6 {[%clk 0:15:28]} 4. Nc3
{[%clk 0:15:43]} Be7 {[%clk 0:15:26]} 5. Bf4 {[%clk 0:15:50]} O-O
{[%clk 0:15:16]} 6. e3 {[%clk 0:15:52]} b6 {[%clk 0:14:45]} 7. Rc1
{[%clk 0:15:58]} Bb7 {[%clk 0:12:44]} 8. cxd5 {[%clk 0:16:05]} exd5
{[%clk 0:12:49]} 9. Bd3 {[%clk 0:16:11]} c5 {[%clk 0:12:25]} 10. O-O
{[%clk 0:16:18]} Nc6 {[%clk 0:11:41]} 11. h3 {[%clk 0:15:50]} a6 {[%clk 0:11:05]}
12. dxc5 {[%clk 0:15:50]} bxc5 {[%clk 0:11:04]} 13. b3 {[%clk 0:15:58]} Nb4
{[%clk 0:10:38]} 14. Bb1 {[%clk 0:16:02]} Qa5 {[%clk 0:08:16]} 15. Bg5
{[%clk 0:15:11]} Rfd8 {[%clk 0:07:43]} 16. Na4 {[%clk 0:15:02]} c4
{[%clk 0:05:54]} 17. Nd4 {[%clk 0:14:40]} h6 {[%clk 0:05:02]} 18. Bh4
{[%clk 0:14:45]} g5 {[%clk 0:03:23]} 19. Bg3 {[%clk 0:14:53]} Nc6
{[%clk 0:02:40]} 20. Nf5 {[%clk 0:13:58]} Bf8 {[%clk 0:02:45]} 21. f4
{[%clk 0:14:06]} Ne4 {[%clk 0:01:38]} 22. fxg5 {[%clk 0:14:01]} Nxg3
{[%clk 0:01:26]} 23. Nxg3 {[%clk 0:14:06]} Ne5 {[%clk 0:01:17]} 24. gxh6
{[%clk 0:13:49]} Bxh6 {[%clk 0:01:09]} 25. Nf5 {[%clk 0:13:51]} Bf8
{[%clk 0:01:10]} 26. Qh5 {[%clk 0:13:58]} Ng6 {[%clk 0:01:06]} 27. Ne7+
{[%clk 0:13:46]} Bxe7 {[%clk 0:01:01]} 28. Bxg6 {[%clk 0:13:53]} fxg6
{[%clk 0:00:59]} 29. Qxg6+ {[%clk 0:14:02]} Kh8 {[%clk 0:01:08]} 30. Rf7
{[%clk 0:14:08]} 1-0

[Event "Russian Rapid Team Championship (w)"]
[Site "Sochi"]
[Date "2022.10.19"]
[Round "9.3"]
[White "Kirchei, Viktoriia"]
[Black "Badelka, Olga"]
[Result "0-1"]
[BlackElo "2316"]
[WhiteElo "1970"]
[LiveChessVersion "1.4.8"]

1. e4 {[%clk 0:15:18]} e5 {[%clk 0:15:19]} 2. Nf3 {[%clk 0:15:27]} Nc6
{[%clk 0:15:28]} 3. Bb5 {[%clk 0:15:35]} Nf6 {[%clk 0:15:37]} 4. d3
{[%clk 0:15:44]} d6 {[%clk 0:15:45]} 5. O-O {[%clk 0:15:52]} a6 {[%clk 0:15:54]}
6. Ba4 {[%clk 0:16:01]} b5 {[%clk 0:16:03]} 7. Bb3 {[%clk 0:16:10]} Na5
{[%clk 0:16:12]} 8. c3 {[%clk 0:15:22]} Nxb3 {[%clk 0:16:20]} 9. axb3
{[%clk 0:15:27]} Be7 {[%clk 0:16:20]} 10. h3 {[%clk 0:15:33]} O-O
{[%clk 0:16:24]} 11. Re1 {[%clk 0:15:34]} Bb7 {[%clk 0:15:30]} 12. Nbd2
{[%clk 0:15:18]} Nd7 {[%clk 0:14:42]} 13. Nf1 {[%clk 0:14:30]} f5
{[%clk 0:14:40]} 14. Qc2 {[%clk 0:13:30]} Qe8 {[%clk 0:11:19]} 15. Ng3
{[%clk 0:12:22]} fxe4 {[%clk 0:10:21]} 16. dxe4 {[%clk 0:12:12]} Qg6
{[%clk 0:09:27]} 17. c4 {[%clk 0:10:04]} Nc5 {[%clk 0:08:41]} 18. Kh1
{[%clk 0:08:48]} Ne6 {[%clk 0:06:54]} 19. Nf5 {[%clk 0:06:40]} Bd8
{[%clk 0:06:56]} 20. b4 {[%clk 0:05:42]} bxc4 {[%clk 0:05:27]} 21. Qxc4
{[%clk 0:05:50]} Kh8 {[%clk 0:05:11]} 22. Be3 {[%clk 0:04:40]} d5
{[%clk 0:04:46]} 23. Qb3 {[%clk 0:02:56]} dxe4 {[%clk 0:04:36]} 24. N3h4
{[%clk 0:03:02]} Bxh4 {[%clk 0:04:34]} 25. Nxh4 {[%clk 0:03:11]} Qf6
{[%clk 0:04:30]} 26. g3 {[%clk 0:03:17]} Nd4 {[%clk 0:04:08]} 27. Qc4
{[%clk 0:03:07]} g5 {[%clk 0:00:59]} 28. Ng2 {[%clk 0:02:14]} Nf3
{[%clk 0:01:08]} 29. Bc5 {[%clk 0:01:17]} Nxe1 {[%clk 0:00:59]} 30. Rxe1
{[%clk 0:01:25]} e3 {[%clk 0:01:07]} 31. Bxf8 {[%clk 0:01:14]} Bxg2+
{[%clk 0:00:50]} 32. Kh2 {[%clk 0:00:56]} exf2 {[%clk 0:00:46]} 33. Rd1
{[%clk 0:00:23]} f1=Q {[%clk 0:00:42]} 0-1

[Event "Russian Rapid Team Championship (w)"]
[Site "Sochi"]
[Date "2022.10.19"]
[Round "9.4"]
[White "Charochkina, Daria"]
[Black "Petrova, Elizaveta"]
[Result "1-0"]
[BlackElo "1834"]
[WhiteElo "2245"]
[LiveChessVersion "1.4.8"]

1. d4 {[%clk 0:15:18]} Nf6 {[%clk 0:15:19]} 2. Nc3 {[%clk 0:15:27]} d6
{[%clk 0:15:17]} 3. e4 {[%clk 0:15:15]} g6 {[%clk 0:15:24]} 4. Bg5
{[%clk 0:15:19]} Bg7 {[%clk 0:15:32]} 5. Qd2 {[%clk 0:15:09]} h6 {[%clk 0:15:39]}
6. Bf4 {[%clk 0:15:05]} g5 {[%clk 0:15:00]} 7. Be3 {[%clk 0:15:13]} Ng4
{[%clk 0:15:06]} 8. h4 {[%clk 0:15:21]} Nxe3 {[%clk 0:14:45]} 9. Qxe3
{[%clk 0:15:28]} g4 {[%clk 0:13:58]} 10. O-O-O {[%clk 0:14:59]} a6
{[%clk 0:13:36]} 11. f4 {[%clk 0:12:02]} b5 {[%clk 0:12:55]} 12. e5
{[%clk 0:11:35]} d5 {[%clk 0:12:29]} 13. Bd3 {[%clk 0:09:50]} h5 {[%clk 0:12:13]}
14. Kb1 {[%clk 0:09:43]} e6 {[%clk 0:12:01]} 15. Nge2 {[%clk 0:08:33]} Bh6
{[%clk 0:11:50]} 16. Ng3 {[%clk 0:08:21]} Bd7 {[%clk 0:11:24]} 17. Nxh5
{[%clk 0:07:51]} b4 {[%clk 0:11:11]} 18. Nf6+ {[%clk 0:07:34]} Ke7
{[%clk 0:11:14]} 19. Ne2 {[%clk 0:07:30]} Bb5 {[%clk 0:10:57]} 20. Nxg4
{[%clk 0:07:15]} Bxd3 {[%clk 0:10:51]} 21. Rxd3 {[%clk 0:07:19]} Nd7
{[%clk 0:10:38]} 22. Nxh6 {[%clk 0:07:09]} Rxh6 {[%clk 0:10:47]} 23. f5
{[%clk 0:07:18]} Qh8 {[%clk 0:10:56]} 24. fxe6 {[%clk 0:06:00]} fxe6
{[%clk 0:10:47]} 25. Qg5+ {[%clk 0:05:59]} Ke8 {[%clk 0:10:55]} 26. Nf4
{[%clk 0:04:48]} Nb6 {[%clk 0:10:23]} 27. Rf3 {[%clk 0:04:18]} Kd7
{[%clk 0:09:28]} 28. Ng6 {[%clk 0:03:56]} Qh7 {[%clk 0:09:16]} 29. Nf8+
{[%clk 0:03:27]} Rxf8 {[%clk 0:09:24]} 30. Rxf8 {[%clk 0:03:35]} Rg6
{[%clk 0:09:25]} 31. Qf4 {[%clk 0:02:30]} Kc6 {[%clk 0:09:11]} 32. g4
{[%clk 0:02:16]} Rg7 {[%clk 0:07:42]} 33. Rf6 {[%clk 0:02:15]} Re7
{[%clk 0:07:32]} 34. h5 {[%clk 0:02:12]} Nc4 {[%clk 0:07:07]} 35. g5
{[%clk 0:02:17]} Qg8 {[%clk 0:06:58]} 36. Rf8 {[%clk 0:02:10]} Qg7
{[%clk 0:07:07]} 37. g6 {[%clk 0:02:10]} Nd2+ {[%clk 0:06:29]} 38. Kc1
{[%clk 0:01:51]} Ne4 {[%clk 0:06:38]} 39. Rf7 {[%clk 0:02:00]} Rxf7
{[%clk 0:06:39]} 40. gxf7 {[%clk 0:01:44]} Qg2 {[%clk 0:06:48]} 41. Rd1 1-0